| 000 -LEADER |
| fixed length control field |
00730nam a22001217a 4500 |
| 040 ## - CATALOGING SOURCE |
| Transcribing agency |
RUA |
| 082 ## - DEWEY DECIMAL CLASSIFICATION NUMBER |
| Classification number |
AVM SET 2025 B705 Or.1 |
| 100 ## - MAIN ENTRY--AUTHOR NAME |
| Personal name |
SETHY SOKUNMEALEA, សិទ្ធី សុគន្ធមាលា |
| 245 ## - TITLE STATEMENT |
| Title |
Case of drug use in treatment on gastrointestinal parasites in feline in nirouth commune, chbar ampv district, phnom penh,ករណីប្រើប្រាស់ឳសថទម្លាក់បរាសិតក្នុងក្រពះពោះវៀន ពិឡារ នៅសង្កាត់និរោធ ក្នុងខណ្ឌច្បារអំពៅ រាជធានីភ្នំពេញ |
| 260 ## - PUBLICATION, DISTRIBUTION, ETC. (IMPRINT) |
| Place of publication |
PHNOM PENH |
| Name of publisher |
RUA |
| Year of publication |
2025 |
| 300 ## - PHYSICAL DESCRIPTION |
| Number of Pages |
viii,38p. |
| Other physical details |
ill. |
| Dimensions |
29cm. |
| 942 ## - ADDED ENTRY ELEMENTS (KOHA) |
| Koha item type |
AVM |
| 952 ## - LOCATION AND ITEM INFORMATION (KOHA) |
| Withdrawn status [LOCAL, KOHA] |
0 |
| 952 ## - LOCATION AND ITEM INFORMATION (KOHA) |
| Withdrawn status [LOCAL, KOHA] |
0 |